000 00732nam a2200217Ia 4500
005 20241216011203.0
008 190429s9999||||xx |||||||||||||| ||und||
020 _a14141516
082 _a617.6
_bS66
100 _aSOLIS CONDOR GILMER NEKER
245 0 _aTERAPEUTICA DE LESIONES ULCEROSAS AFTOSAS RECURRENTES MENORES DE LA MUCOSA ORAL, CON TRIAMCINOLONA, HOSPITAL II PASCO ESSALUD CERRO DE PASCO ENERO - AGOSTO 2001
250 _a0
260 _aCERRO DE PASCO-PERU
_bUNDAC
_c2002
300 _a63 pag.
_c30 cm.
341 _h0
490 _v0
_a0
505 _aMATERIAL/METODO/RESULTADOS/DISCUSION/CONCLUSIONES/RECOMENDAC
541 _aD
_bSOLIS CONDOR, GILMER
_d15-Dec-03
_oSoles
650 _aOdontología
942 _cTESIS
999 _c34999
_d34999